Pays qui ne contiennent que la voyelle A - Statistiques

Statistiques générales
  • Ce quiz a été pris 163 fois
  • Le résultat moyen est 7 sur 10
Statistiques - réponses
Hint Réponse % Correct
Pays d'Amérique Latine Panama
81%
Pays d'Amérique septentrionale Canada
78%
Pays d'Afrique Occidentale Ghana
73%
Pays situé au Sud-Est de la Floride Bahamas
71%
Emirats du Moyen-Orient Qatar
71%
Pays d'Afrique de l'Est Rwanda
61%
Dans l'océan indien Madagascar
60%
Etat de Micronésie îles... Marshall
59%
Pays d'Afrique Centrale Tchad
56%
Pays d'Asie Centrale Kazakstan
48%
Aucun quiz correspondant
Distribution des résultats
% des personnes avec chaque résultat
Percentile par nombre de réponses
Votre historique - résultats
Vous n’avez pas pris ce quiz